Meranie rohových bodov v obraze

Salvato in:
Dettagli Bibliografici
Autore principale: Grech, Dominik, 1987- (Autore)
Altri autori: Ravas, Rudolf, 1952- (Relatore della tesi)
Natura: Manoscritto Libro
Lingua:slovacco
Pubblicazione: Bratislava : STU v Bratislave FEI, 2010
Soggetti:
Accesso online:VAIS
Tags: Aggiungi Tag
Nessun Tag, puoi essere il primo ad aggiungerne!!

MARC

LEADER 00000ntm a22000003a 4500
001 stu209404
005 20150617230103.1
008 100818s2010------------------------slo-d
040 |a STU  |b slo 
041 0 |a slo 
100 1 |a Grech, Dominik,  |d 1987-  |4 aut  |u E  |T FEI Fakulta elektrotechniky a informatiky  |X 35416  |U E  |Y 30  |7 A000035416 
242 0 0 |a DETECTION OF CORNER POINTS IN IMAGE   |y eng 
245 1 |a Meranie rohových bodov v obraze 
260 |a Bratislava :  |b STU v Bratislave FEI,  |c 2010 
300 |a 55 s 
650 7 |a Aplikovaná informatika  |2 stusub 
650 7 |a počítačové videnie  |2 stusub 
650 7 |a 3D technológie  |2 stusub 
700 1 |a Ravas, Rudolf,  |d 1952-  |4 ths  |u E040  |U FEI Fakulta elektrotechniky a informatiky  |T FEI Ústav elektrotechniky  |X 1932  |U E040  |Y 550  |7 A000001932 
856 4 |a info a plný text  |u http://is.stuba.sk/zp/portal_zp.pl?podrobnosti=56484  |3 VAIS